Learning SHAZAM : a computer handbook for econometrics. Disk 1

محفوظ في:
التفاصيل البيبلوغرافية
المؤلف الرئيسي: Duangkomon, Chotikapanich.
مؤلفون آخرون: Griffiths, William E.
التنسيق: كتاب
اللغة:English
منشور في: New York : John Wiley and Sons, 1993.
الموضوعات:
الوسوم: إضافة وسم
لا توجد وسوم, كن أول من يضع وسما على هذه التسجيلة!
Thư viện lưu trữ: Mạng thư viện Đại học Đà Nẵng
LEADER 01004cmm a2200349 i 4500
001 000049931
003 10106
005 20030225154757.0
008 010426|1993 vm 000 eng
020 |a 0471585920 
040 |a IRC  |c IRC  |d IRC 
041 0 |a eng 
082 1 4 |a 005.3  |b DU-C 
100 1 |a Duangkomon, Chotikapanich. 
245 0 0 |a Learning SHAZAM :  |b a computer handbook for econometrics.  |n Disk 1  |h [Float Disk-Đĩa mềm] /  |c Duangkomon Chotikapanich, William E. Griffiths. 
260 |a New York :  |b John Wiley and Sons,  |c 1993. 
300 |a 1 computer disk ;  |c 3 1/2 in. 
630 0 4 |a Computer programs. 
630 0 4 |a SHAZAM. 
650 0 4 |a SHAZAM (Computer file) 
650 0 4 |a Econometrics  |x Computer programs. 
700 1 |a Griffiths, William E. 
OWN |a DUT 
999 |a From the UDN01 
TYP |a Computer file 
TYP |a Monograph 
980 |a Mạng thư viện Đại học Đà Nẵng